000
00292nam a22001337a 4500
008
180227b xxu||||| |||| 00| 0 eng d
020
_a
9780814479407
041
_a
eng
080
_a
338
100
_a
54
101
_a
MEN
245
_a
The first-time manager
_c
Belker,L.B
942
_2
udc
_c
BK
999
_c
43646
_d
43646